[Event "GER-ch U25-C"]
[Site "Willingen"]
[Date "2018.05.23"]
[Round "6"]
[White "Wagner, Xaver"]
[Black "Burger, Daiana"]
[Result "0-1"]
[WhiteElo "1127"]
[BlackElo "939"]
[PlyCount "42"]
[EventDate "2018.05.19"]
[EventType "swiss"]
[EventRounds "9"]
[EventCountry "GER"]
[SourceTitle "CBM 184 Extra"]
[Source "ChessBase"]
[SourceDate "2018.06.28"]
[SourceVersion "1"]
[SourceVersionDate "2018.06.28"]
[SourceQuality "1"]

1. e4 e5 2. Nf3 Nc6 3. Bc4 Bc5 4. Nc3 Nf6 5. d3 d6 6. Bg5 h6 7. Bh4 g5 8. Nxg5 hxg5 9. Bxg5 Bg4 10. f3 Be6 11. Bxe6 fxe6 12. Na4 Qe7 13. Nxc5 dxc5 14. Qd2 0-0-0 15. f4 exf4 16. Qxf4 Rdf8 17. e5 Nd4 18. Qc1 c4 19. Bxf6 Qf7 20. Bxh8 Qf2+ 21. Kd1 Qe2# 0-1

[Event "GER-ch U25-C"]
[Site "Willingen"]
[Date "2018.05.22"]
[Round "4"]
[White "Foos, Vanessa"]
[Black "Burger, Daiana"]
[Result "1-0"]
[WhiteElo "1166"]
[BlackElo "939"]
[PlyCount "61"]
[EventDate "2018.05.19"]
[EventType "swiss"]
[EventRounds "9"]
[EventCountry "GER"]
[SourceTitle "CBM 184 Extra"]
[Source "ChessBase"]
[SourceDate "2018.06.28"]
[SourceVersion "1"]
[SourceVersionDate "2018.06.28"]
[SourceQuality "1"]

1. e4 e5 2. Nf3 Nc6 3. Bc4 d6 4. Nc3 Be7 5. d3 Nf6 6. Be3 Bd7 7. Qd2 Na5 8. 0-0-0 c6 9. Qe2 b5 10. Bb3 Nxb3+ 11. cxb3 0-0 12. d4 a6 13. dxe5 dxe5 14. Nxe5 Qc7 15. Nxd7 Nxd7 16. Qg4 g6 17. Rxd7 Qc8 18. Rhd1 Re8 19. Qf3 c5 20. Bg5 Bxg5+ 21. Kb1 Be7 22. Nd5 Qxd7 23. Nf6+ Bxf6 24. Rxd7 Re6 25. e5 Rae8 26. exf6 a5 27. Re7 R6xe7 28. fxe7 Rxe7 29. Qa8+ Kg7 30. Qxa5 h5 31. Qxb5 1-0

[Event "GER-ch U25-C"]
[Site "Willingen"]
[Date "2018.05.21"]
[Round "3"]
[White "Burger, Daiana"]
[Black "Reichel, Sara"]
[Result "0-1"]
[WhiteElo "939"]
[BlackElo "1192"]
[PlyCount "88"]
[EventDate "2018.05.19"]
[EventType "swiss"]
[EventRounds "9"]
[EventCountry "GER"]
[SourceTitle "CBM 184 Extra"]
[Source "ChessBase"]
[SourceDate "2018.06.28"]
[SourceVersion "1"]
[SourceVersionDate "2018.06.28"]
[SourceQuality "1"]

1. e4 c5 2. Nc3 g6 3. g3 Nc6 4. Bg2 Bg7 5. d3 d6 6. Be3 Qa5 7. Qd2 Nd4 8. h3 Bd7 9. f4 e6 10. a3 Ne7 11. Nge2 Rb8 12. 0-0 0-0 13. h4 b5 14. Bh3 b4 15. axb4 Qxa1 16. Rxa1 Nf3+ 17. Kg2 Nxd2 18. Bxd2 cxb4 19. Nd1 Nc6 20. c3 a5 21. d4 Ra8 22. d5 Ne7 23. cxb4 axb4 24. Rxa8 Rxa8 25. Bxb4 Ra6 26. b3 f5 27. e5 exd5 28. exd6 Nc8 29. Ne3 d4 30. Nd5 d3 31. Nc1 d2 32. Bxd2 Rxd6 33. Ne7+ Nxe7 34. Bb4 Re6 35. Kh1 Bc6+ 36. Kh2 Bb2 37. Nd3 Re2+ 38. Kg1 Bd4+ 39. Kf1 Re3 40. Nc1 Bb5+ 41. Kg2 Bc6+ 42. Kf1 Nd5 43. Bd2 Rf3+ 44. Kg2 Rf2+ 0-1

[Event "GER-chT U14 Girls"]
[Site "Neumuenster"]
[Date "2017.12.29"]
[Round "5.3"]
[White "Roell, Laura"]
[Black "Burger, Daiana"]
[Result "1-0"]
[WhiteElo "1006"]
[BlackElo "973"]
[PlyCount "51"]
[EventDate "2017.12.26"]
[EventType "team-swiss"]
[EventRounds "7"]
[EventCountry "GER"]
[SourceTitle "CBM 182 Extra"]
[Source "ChessBase"]
[SourceDate "2018.02.23"]
[SourceVersion "1"]
[SourceVersionDate "2018.02.23"]
[SourceQuality "1"]
[WhiteTeam "Vaterstetten"]
[BlackTeam "Neumarkt"]
[WhiteTeamCountry "GER"]
[BlackTeamCountry "GER"]

1. e4 e5 2. Nf3 Nc6 3. Bc4 Bc5 4. Nc3 Nf6 5. d3 h6 6. Be3 Bxe3 7. fxe3 d6 8. h3 Be6 9. Bb5 0-0 10. Qe2 a6 11. Bxc6 bxc6 12. 0-0-0 d5 13. Nxe5 Qd6 14. Nf3 Nd7 15. Nh4 Rab8 16. a3 Rb7 17. d4 dxe4 18. Nxe4 Qd5 19. Nc3 Qa5 20. g4 Rfb8 21. Nf3 Rxb2 22. Kd2 R8b3 23. Qd3 Rxa3 24. Rb1 Rba2 25. Ne5 Nxe5 26. Rb8+ 1-0

[Event "GER-chT U14 Girls"]
[Site "Duesseldorf"]
[Date "2016.12.28"]
[Round "4.3"]
[White "Dittenberger, Svenja"]
[Black "Burger, Daiana"]
[Result "1-0"]
[WhiteElo "1190"]
[BlackElo "947"]
[PlyCount "99"]
[EventDate "2016.12.27"]
[EventType "team-swiss"]
[EventRounds "7"]
[EventCountry "GER"]
[SourceTitle "EXT 2018"]
[Source "ChessBase"]
[SourceDate "2017.10.13"]
[SourceVersion "1"]
[SourceVersionDate "2017.10.13"]
[SourceQuality "1"]
[WhiteTeam "Landskrone"]
[BlackTeam "Neumarkt"]
[WhiteTeamCountry "GER"]
[BlackTeamCountry "GER"]

1. e4 e5 2. Nf3 Nf6 3. Nc3 Bb4 4. Nxe5 0-0 5. Bc4 Qe7 6. Nf3 Bxc3 7. dxc3 Qxe4+ 8. Qe2 Qxe2+ 9. Bxe2 Re8 10. Nd4 Nc6 11. Be3 d5 12. Nxc6 bxc6 13. 0-0 Bf5 14. Bd3 Be4 15. Bg5 Nd7 16. Bxe4 dxe4 17. Rfe1 Nc5 18. Bf4 Re7 19. Re2 h6 20. Rae1 Rd8 21. h3 a5 22. b3 g5 23. Bc1 a4 24. Ba3 Re5 25. Bxc5 Rxc5 26. c4 Re8 27. Rxe4 Rxe4 28. Rxe4 axb3 29. cxb3 Kg7 30. Re7 Kg6 31. Rxc7 Ra5 32. Rxc6+ f6 33. a4 Re5 34. Kf1 h5 35. Rb6 g4 36. hxg4 hxg4 37. Rb5 Re8 38. a5 f5 39. a6 Re6 40. a7 Ra6 41. Rb7 Kg5 42. c5 Ra1+ 43. Ke2 f4 44. g3 Ra2+ 45. Kd3 fxg3 46. fxg3 Kf6 47. c6 Rf2 48. a8Q Rf3+ 49. Kc2 Rf2+ 50. Kb1 1-0

[Event "GER-chT U14 Girls"]
[Site "Duesseldorf"]
[Date "2016.12.27"]
[Round "1.3"]
[White "Jacoby, Angelina"]
[Black "Burger, Daiana"]
[Result "1-0"]
[WhiteElo "1328"]
[BlackElo "947"]
[PlyCount "95"]
[EventDate "2016.12.27"]
[EventType "team-swiss"]
[EventRounds "7"]
[EventCountry "GER"]
[SourceTitle "EXT 2018"]
[Source "ChessBase"]
[SourceDate "2017.10.13"]
[SourceVersion "1"]
[SourceVersionDate "2017.10.13"]
[SourceQuality "1"]
[WhiteTeam "Berlin Eintracht"]
[BlackTeam "Neumarkt"]
[WhiteTeamCountry "GER"]
[BlackTeamCountry "GER"]

1. d4 d5 2. Nf3 Nf6 3. e3 Nc6 4. c3 Bf5 5. Bd3 Bg6 6. Qc2 e6 7. Nbd2 Bd6 8. 0-0 0-0 9. e4 Qe7 10. e5 Ng4 11. exd6 Qxd6 12. h3 Nf6 13. Re1 Rfe8 14. Ne5 Ne4 15. Nxg6 hxg6 16. Nxe4 dxe4 17. Bxe4 e5 18. Bxc6 bxc6 19. Be3 c5 20. dxc5 Qd5 21. Qd2 Qc6 22. Rad1 a5 23. Qd5 Qa6 24. Qd3 Qe6 25. Qd5 Rad8 26. Qxe6 fxe6 27. Bg5 Rxd1 28. Rxd1 c6 29. Re1 e4 30. Rxe4 e5 31. Bf4 a4 32. Rxe5 Rxe5 33. Bxe5 Kf8 34. f4 a3 35. bxa3 Kg8 36. a4 Kh7 37. a5 Kh6 38. a6 g5 39. fxg5+ Kxg5 40. a7 Kf5 41. Bd4 g5 42. a8Q g4 43. Qxc6 gxh3 44. Qf6+ Kg4 45. gxh3+ Kxh3 46. Qg6 Kh4 47. Kf2 Kh3 48. Qg3# 1-0

[Event "GER-chT U10"]
[Site "Magdeburg"]
[Date "2013.12.27"]
[Round "2.4"]
[White "Vorbau, Albert"]
[Black "Burger, Daiana"]
[Result "1-0"]
[WhiteElo "600"]
[BlackElo "733"]
[PlyCount "79"]
[EventDate "2013.12.27"]
[EventType "team-swiss"]
[EventRounds "5"]
[EventCountry "GER"]
[SourceTitle "EXT 2015"]
[Source "ChessBase"]
[SourceDate "2014.11.20"]
[SourceVersion "1"]
[SourceVersionDate "2014.11.20"]
[SourceQuality "1"]
[WhiteTeam "Berlin Schachunion"]
[BlackTeam "Neumarkt"]
[WhiteTeamCountry "GER"]
[BlackTeamCountry "GER"]

1. e4 e5 2. Nf3 Nc6 3. Bc4 Nf6 4. Nc3 Bb4 5. a3 Ba5 6. Ng5 0-0 7. 0-0 d6 8. b4 Bg4 9. f3 Bb6+ 10. d4 Bxd4+ 11. Kh1 Bxc3 12. Rb1 Nh5 13. Qd3 Bd4 14. Bd5 Bd7 15. g3 Bh3 16. Nxh3 Qd7 17. g4 Kh8 18. c3 Bb6 19. b5 Na5 20. Bd2 a6 21. c4 axb5 22. Bxa5 Bxa5 23. Bxb7 Ra7 24. Bd5 bxc4 25. Bxc4 Qa4 26. Ng5 Raa8 27. Qd5 Qd7 28. f4 Qxg4 29. Rb2 Bc3 30. Rc2 Rxa3 31. Nxf7+ Kg8 32. Nh6+ Kh8 33. Nxg4 Raa8 34. Rxc3 Rae8 35. Rh3 g6 36. f5 Nf4 37. Bb5 Nxd5 38. Bxe8 Rxe8 39. f6 Nxf6 40. Nxf6 1-0

[Event "GER-chT U10"]
[Site "Magdeburg"]
[Date "2012.12.27"]
[Round "2.3"]
[White "Burger, Daiana"]
[Black "Reiling, Lukas"]
[Result "0-1"]
[WhiteElo "681"]
[BlackElo "988"]
[PlyCount "36"]
[EventDate "2012.12.27"]
[EventType "team-swiss"]
[EventRounds "7"]
[EventCountry "GER"]
[SourceTitle "EXT 2014"]
[Source "ChessBase"]
[SourceDate "2013.11.20"]
[SourceVersion "1"]
[SourceVersionDate "2013.11.20"]
[SourceQuality "1"]
[WhiteTeam "Neumarkt"]
[BlackTeam "Ersingen"]
[WhiteTeamCountry "GER"]
[BlackTeamCountry "GER"]

1. e4 e5 2. Nf3 Nc6 3. Nc3 Nf6 4. Bc4 Nxe4 5. Nxe4 d5 6. Bxd5 Qxd5 7. d3 Bc5 8. 0-0 Nd4 9. Neg5 Nxf3+ 10. gxf3 Bd7 11. f4 exf4 12. Qh5 Bc6 13. Qxf7+ Qxf7 14. Nxf7 Kxf7 15. Bxf4 Rae8 16. Bxc7 Re6 17. Bb8 Be7 18. Bxa7 Rg6# 0-1